000 016220000a22002890004500
999 _c44295
_d44295
001 768714001
003 CO-MdFUSB
005 20191021154454.0
008 191021b ||||| |||| 00| 0 eng d
020 _a9789588691312
040 _bspa.
_aCO-MdFUSB
_cCO-MdFUSB
_dCO-MdFUSBC
_erda
041 _aspa
082 0 4 _a26
_2G 278.2086
_bO656i
100 1 _aOrdóñez, Francisco
_eautor
245 1 0 _aHistoria del cristianismo evangélico en Colombia.
_c/ Francisco Ordóñez
264 1 _aBogotá :
_bCentros de Literatura Cristiana,
_c[2011]
300 _a510 páginas
_c; 21 cm
336 _atexto
_btxt
_2rdacontent
337 _2rdamedia
_asin mediación
_bn
338 _2rdacarrier
_avolumen
_bnc
500 _aPublicado originalmente por la Alianza Cristiana y Misionera de Colombia, Armenia.
505 _a: Nuestra presencia histórica -- Un principio desconcertante -- Un ex fraile predica el evangelio en Cartagena -- Labores del Dr. Henry Barrington Pratt -- La primera iglesia evangélica en Colombia -- Labores en Barranquilla y otros lugares de la Costa del Caribe -- La obra en Cartagena y otros lugares de Bolívar -- La obra en Medellín y otros lugares del Occidente -- La obra en Bucaramanga y otros lugares del oriente -- La obra en Tolima y la Región Suroeste de Cundinamarca -- Desarrollo de la obra Presbiteriana en el País -- La Alianza Evangélica -- Principios de la Obra en Nariño.
563 _aRústico
650 1 4 _aIGLESIA - HISTORIA - AMERICA LATINA - COLOMBIA \ IGLESIA - COLOMBIA - HISTORIA - SIGLO XIX - XX - IGLESIA EVANGELICA EN COLOMBIA
942 _cBK
945 _aJTF-925